FC Barcelone ou Real Madrid ? Rivalités #11 - Statistiques

Statistiques générales
  • Ce quiz a été pris 269 fois
  • Le résultat moyen est 10 sur 12
Statistiques - réponses
Question Réponse % Correct
Lequel a gagné le plus de fois la Ligue des champions ? Real Madrid
99%
Lequel a actuellement Spotify comme sponsor maillot ? FC Barcelone
98%
Lequel a actuellement Carlo Ancelotti comme entraîneur ? Real Madrid
95%
Lequel se trouve en Catalogne ? FC Barcelone
94%
Lequel joue au Santiago-Bernabéu ? Real Madrid
92%
Lequel a un ballon sur son logo ? FC Barcelone
83%
Lequel a remporté le plus de Coupe d’Espagne ? FC Barcelone
79%
Lequel a remporté le plus de championnats ? Real Madrid
78%
Les supporters de quel club sont surnommés les culers ? FC Barcelone
77%
Lequel a compté Luís Figo, Ronaldo et Samuel Eto’o ? Les deux
70%
Qui a remporté le plus de Clásicos ? Real Madrid
67%
Lequel est le plus ancien ? FC Barcelone
40%
Aucun quiz correspondant
Distribution des résultats
% des personnes avec chaque résultat
Percentile par nombre de réponses
Votre historique - résultats
Vous n’avez pas pris ce quiz